डॉ.भीमराव अम्बेडकर : (Record no. 117670)

MARC details
000 -LEADER
fixed length control field 01358nam a22003017a 4500
003 - CONTROL NUMBER IDENTIFIER
control field dpl
005 - DATE AND TIME OF LATEST TRANSACTION
control field 20170204154235.0
008 - FIXED-LENGTH DATA ELEMENTS--GENERAL INFORMATION
fixed length control field 170204b xxu||||| |||| 00| 0 eng d
010 ## - LIBRARY OF CONGRESS CONTROL NUMBER
LC control number B-017260, B-027523
020 ## - INTERNATIONAL STANDARD BOOK NUMBER
Terms of availability 150.00
International Standard Book Number 8170562228
035 ## - SYSTEM CONTROL NUMBER
System control number B-017260, B-027523
037 ## - SOURCE OF ACQUISITION
Source of stock number/acquisition Cen Lib/Ret
040 ## - CATALOGING SOURCE
Original cataloging agency DPL
Language of cataloging HN
Transcribing agency DPL
082 ## - DEWEY DECIMAL CLASSIFICATION NUMBER
Classification number 921
Item number हरदा
100 ## - MAIN ENTRY--PERSONAL NAME
Personal name हरदान हर्ष
9 (RLIN) 79406
245 ## - TITLE STATEMENT
Title डॉ.भीमराव अम्बेडकर :
Statement of responsibility, etc हरदान हर्ष
Remainder of title जीवन और दर्शन /
246 ## - VARYING FORM OF TITLE
Title proper/short title Bheemrav Ambedkar : jeevan aur darshan /
Remainder of title by Hardan Harsh
250 ## - EDITION STATEMENT
Edition statement द्वितीय संस्करण
260 ## - PUBLICATION, DISTRIBUTION, ETC. (IMPRINT)
Place of publication, distribution, etc जयपुर
Name of publisher, distributor, etc पंचशील प्रकाशन
Date of publication, distribution, etc 2000
270 ## - ADDRESS
City जयपुर
Address फिल्म कालोनी, चौड़ा रास्ता
Postal code 302 003
300 ## - PHYSICAL DESCRIPTION
Extent vii,128पृ.
Dimensions 20सेमी(सजिल्द)
500 ## - GENERAL NOTE
General note अनुक्रमाणिका शामिल
650 ## - SUBJECT ADDED ENTRY--TOPICAL TERM
Topical term or geographic name as entry element हिन्दी साहित्य
9 (RLIN) 79407
650 ## - SUBJECT ADDED ENTRY--TOPICAL TERM
Topical term or geographic name as entry element हिन्दी -- जीवनी - डॉ.भीमराव अम्बेडकर
9 (RLIN) 79408
650 ## - SUBJECT ADDED ENTRY--TOPICAL TERM
Topical term or geographic name as entry element Hindi literature
9 (RLIN) 79409
650 ## - SUBJECT ADDED ENTRY--TOPICAL TERM
Topical term or geographic name as entry element Hindi - Biography - Bheemrao Ambedkar
9 (RLIN) 76176
942 ## - ADDED ENTRY ELEMENTS (KOHA)
Source of classification or shelving scheme Dewey Decimal Classification
Koha item type Hindi Books
Classification part 921
Call number suffix हरदा
Holdings
Withdrawn status Lost status Damaged status Not for loan Home library Current library Date acquired Source of acquisition Cost, normal purchase price Total Checkouts Full call number Barcode Date last seen Copy number Cost, replacement price Price effective from Koha item type Source of classification or shelving scheme Total Renewals Date checked out Collection code Shelving location
        Central Library Central Library 07/09/2015 Cen Lib/Ret 150.00   921 हरदा B-017260 07/09/2015 1 150.00 07/09/2015 Hindi Books          
        Central Library Central Library 25/10/2016 Cen Lib/Ret   3 921 हरदा B-017264 02/11/2019 150.00   25/10/2016 Hindi Books Dewey Decimal Classification 1 28/10/2019    
      Ordered Sarojini Nagar Sarojini Nagar 03/02/2017 DPL     921 हरदा B-027523 03/02/2017 1 150.00 03/02/2017 Hindi Books Dewey Decimal Classification     Non-fiction On Display

© Delhi Public Library
Hit Counter
free hit counter